000 00609nam a2200193Ia 4500
003 GCL
008 140319s9999 xx 000 0 ara d
040 _aGCL /
_cGCL
082 0 4 _a229.4
_bد س
100 1 _aسعيد بن على بن رهف القحطانى
245 1 0 _aالدعاء من الكتاب والسنة /
_cسعيد بن على بن رهف القحطانى
260 _a[S.N] :
_bمكتبة التراث الاسلامى ،
_c1992
300 _a58 ص
490 _a
650 0 4 _aالاسلام
650 0 4 _aالدعاء
650 0 4 _aالادعية والاوراد
942 _2ddc
_cBK
999 _c48270
_d48270